000 01371cam a2200313I 4500
001 apprenticedtomag00butlrich
003 CaSfIA
005 20210117184830.0
007 cr||||
008 780114s1962 enkd 000 0 eng d
040 _aUUM
_cUUM
_dUKM
_dOCLCG
_dOCLCA
_dCaSfIA
015 _aGB62-14993
035 _a(OCoLC)3558398
082 0 4 _a133
_218
090 _aBF1611
_b.B8
100 1 _aButler, W. E.
_q(Walter Ernest),
_d1898-1978.
245 1 0 _aApprenticed to magic
_h[electronic resource]
_c[by] W.E. Butler.
250 _a1st ed.
260 _aLondon,
_bAquarian Press,
_c1962.
300 _ax,105p.
_bdiagr.
856 4 1 _uhttp://www.archive.org/details/apprenticedtomag00butlrich
_zFree eBook from the Internet Archive
856 4 2 _uhttp://www.openlibrary.org/books/OL24200417M
_zAdditional information and access via Open Library
029 1 _aUKM
_bb6214993
029 1 _aAU@
_b000026218834
999 _c469492
_d469492
942 _cEB
506 _fНеобхідна авторизація на https://archive.org/ (створення облікового запису безкоштовно)
506 _fНеобхідна авторизація на https://openlibrary.org/ (створення облікового запису безкоштовно)